banner-ar

نافخ البوق / (Record no. 41801)

MARC details
000 -الفاتح
حقل البيانات ثابتة الطول 00474nam a2200169Ia 4500
008 - عناصر البيانات ثابتة الطول - معلومات عامة
حقل البيانات ثابتة الطول 140319s9999 xx 000 0 ara d
040 ## - مصدر الفهرسة
وكالة الفهرسة الأصلية GCL /
وكالة النسخ GCL
082 04 - رقم تصنيف ديوى العشرى
رقم التصنيف 823.03
رقم المادة هـ?ن
100 1# - المدخل الرئيسى - إسم شخصى
الإسم الشخصى محمد مفيد الشوباش
245 10 - بيان العنوان
العنوان نافخ البوق /
بيان المسئوليه,etc محمد مفيد الشوباش
700 1# - المدخل الاضافى - اسم شخصى
الإسم الشخصى هاردى, توماس
490 ## - بيان السلسلة
عنوان السلسلة كتاب
رقم المجلد/ التعيين التسلسلي 0
650 04 - المدخل الاضافى بالموضوع-مصطلح موضوعى
مصطلح موضوعي الادب الانجليزى
650 04 - المدخل الاضافى بالموضوع-مصطلح موضوعى
مصطلح موضوعي الدباغة
942 ## - عناصر المدخل الإضافي( كوها)
مصدر التصنيف او مخطط الترفيف Dewey Decimal Classification
Koha [default] item type كتاب
Holdings
حالة التراجع حالة الفقد حالة تلف ليس للاعارة المكان المؤقت الموقع الحالى تاريخ الاكتساب اجمالي اﻻعارات رقم الطلب الباركود تاريخ اخر مشاهدة تاريخ تفعيل السعر نوع وعاء كوها
        مكتبة القاهرة الكبرى مكتبة القاهرة الكبرى 03/26/2014   823.03\هـ?ن 100964 03/26/2014 03/26/2014 كتاب

Powered By

EGPV